[Event "SUI-chT"]
[Site "Switzerland"]
[Date "2006.04.30"]
[Round "3.6"]
[White "Masserey, Yvan"]
[Black "Riff, Jean Noel"]
[Result "0-1"]
[WhiteElo "2333"]
[BlackElo "2361"]
[PlyCount "54"]
[EventDate "2006.02.26"]
[EventType "team-tourn"]
[EventRounds "9"]
[EventCountry "SUI"]
[SourceTitle "EXT 2007"]
[Source "ChessBase"]
[SourceDate "2006.11.23"]
[SourceVersion "1"]
[SourceVersionDate "2006.11.23"]
[SourceQuality "1"]
[WhiteTeam "Biel"]
[BlackTeam "Reichenstein"]
[WhiteTeamCountry "SUI"]
[BlackTeamCountry "SUI"]

1. e4 c5 2. Ne2 e6 3. g3 d5 4. Bg2 dxe4 5. Nbc3 f5 6. Nf4 Nf6 7. d3 exd3 8. Nxd3 Bd6 9. 0-0 0-0 10. Nb5 e5 11. Nxd6 Qxd6 12. Be3 Qc7 13. f4 e4 14. Nxc5 Rd8 15. Qe2 b6 16. Nb3 Ba6 17. c4 Bxc4 18. Qc2 Nd5 19. Rfe1 Nxe3 20. Rxe3 Qf7 21. g4 Bd3 22. Rxd3 Rxd3 23. gxf5 Rd6 24. Qc8+ Qf8 25. Qc4+ Kh8 26. Bxe4 Nc6 27. Bxc6 Rc8 0-1

[Event "EU-Cup 21st"]
[Site "Saint Vincent"]
[Date "2005.09.21"]
[Round "4.5"]
[White "Socko, Bartosz"]
[Black "Masserey, Yvan"]
[Result "1-0"]
[WhiteElo "2615"]
[BlackElo "2338"]
[PlyCount "89"]
[EventDate "2005.09.18"]
[EventType "team-swiss"]
[EventRounds "7"]
[EventCountry "ITA"]
[SourceTitle "CBM 110"]
[Source "ChessBase"]
[SourceDate "2006.01.31"]
[SourceVersion "1"]
[SourceVersionDate "2006.01.31"]
[SourceQuality "1"]
[WhiteTeam "Warsaw Polonia"]
[BlackTeam "Biel"]
[WhiteTeamCountry "POL"]
[BlackTeamCountry "SUI"]

1. e4 e5 2. Nf3 Nc6 3. Bb5 a6 4. Bxc6 dxc6 5. 0-0 f6 6. d4 exd4 7. Nxd4 c5 8. Ne2 Qxd1 9. Rxd1 Bd7 10. Nbc3 0-0-0 11. Be3 Re8 12. Rd2 Bc6 13. Rad1 Bd6 14. Bf4 Bxf4 15. Nxf4 Nh6 16. Nh5 Re7 17. Nd5 Rd7 18. f3 Re8 19. g4 Ng8 20. Kf2 b6 21. h4 Kb7 22. Ke3 Re5 23. Nc3 Rxd2 24. Rxd2 g6 25. Ng3 Kc8 26. f4 Re8 27. f5 Ne7 28. Kf4 h6 29. g5 hxg5+ 30. hxg5 fxg5+ 31. Kxg5 gxf5 32. exf5 Rg8+ 33. Kf6 Rxg3 34. Kxe7 Re3+ 35. Kf7 Re5 36. f6 Rf5 37. Ke6 Rf3 38. f7 Re3+ 39. Kf6 Rf3+ 40. Ke7 Re3+ 41. Kf8 Rg3 42. Nd5 Bxd5 43. Rxd5 c6 44. Rd6 Kc7 45. Ke7 1-0

[Event "Biel MTO op"]
[Site "Biel"]
[Date "2005.07.29"]
[Round "11"]
[White "Masserey, Yvan"]
[Black "Meenakshi, Subbaraman"]
[Result "1-0"]
[WhiteElo "2338"]
[BlackElo "2273"]
[PlyCount "97"]
[EventDate "2005.07.18"]
[EventType "swiss"]
[EventRounds "11"]
[EventCountry "SUI"]
[SourceTitle "CBM 107 Extra"]
[Source "ChessBase"]
[SourceDate "2005.09.01"]
[SourceVersion "1"]
[SourceVersionDate "2005.09.01"]
[SourceQuality "1"]

1. c4 e5 2. g3 d6 3. Bg2 g6 4. d4 Bg7 5. dxe5 dxe5 6. Qxd8+ Kxd8 7. Nc3 c6 8. b3 Kc7 9. Bb2 Na6 10. 0-0-0 Bf5 11. f4 Nh6 12. h3 Rhd8 13. Nf3 f6 14. g4 Be6 15. fxe5 fxe5 16. Ng5 Bg8 17. Nce4 Rxd1+ 18. Rxd1 Rd8 19. Rxd8 Kxd8 20. Nd6 Kd7 21. Nxb7 Nxg4 22. hxg4 Bh6 23. Bxe5 Bxg5+ 24. Kb2 Be6 25. Bf3 Ke7 26. Na5 c5 27. Nc6+ Kf7 28. Nxa7 Bf6 29. Nc6 Bxe5+ 30. Nxe5+ Kf6 31. Nd3 Kg5 32. Nf2 Kf4 33. Kc3 Ke3 34. Nd3 Bf7 35. a3 h5 36. gxh5 gxh5 37. b4 cxb4+ 38. axb4 h4 39. b5 Nc7 40. Nb4 Ne6 41. Nc2+ Kf4 42. b6 Nc5 43. Kb4 Nd7 44. c5 h3 45. b7 h2 46. c6 Nb8 47. c7 Na6+ 48. Ka5 Bh5 49. c8Q 1-0

[Event "Biel MTO op"]
[Site "Biel"]
[Date "2005.07.25"]
[Round "7"]
[White "Masserey, Yvan"]
[Black "Sondermann, Johannes"]
[Result "1-0"]
[WhiteElo "2338"]
[BlackElo "2164"]
[PlyCount "123"]
[EventDate "2005.07.18"]
[EventType "swiss"]
[EventRounds "11"]
[EventCountry "SUI"]
[SourceTitle "CBM 107 Extra"]
[Source "ChessBase"]
[SourceDate "2005.09.01"]
[SourceVersion "1"]
[SourceVersionDate "2005.09.01"]
[SourceQuality "1"]

1. e4 c5 2. Nf3 d6 3. d4 cxd4 4. Nxd4 Nf6 5. f3 e5 6. Nb3 Be6 7. c4 Qc7 8. Bg5 Nbd7 9. Nc3 Be7 10. Rc1 Qb6 11. Qd2 Nc5 12. Na1 0-0 13. Nc2 a5 14. b3 Qc6 15. Be2 Na6 16. 0-0 Nb4 17. Na3 h6 18. Be3 Bd8 19. Na4 Na6 20. Rfd1 Nc5 21. Nc3 Be7 22. Nab5 b6 23. Bf1 Rfd8 24. Qf2 Bf8 25. Kh1 Kh7 26. Qc2 Kh8 27. Qf2 Kh7 28. Rb1 Rdc8 29. a3 Ncd7 30. Na4 Nc5 31. Nac3 Ncd7 32. Rdc1 Qb7 33. h3 Kh8 34. Qd2 Rc6 35. Rd1 Nc5 36. Qc2 Nh5 37. Qf2 Nf6 38. Rdc1 Qb8 39. b4 axb4 40. axb4 Na4 41. Nd5 Bxd5 42. cxd5 Rxc1 43. Rxc1 Qd8 44. Qc2 Nh5 45. Kg1 Be7 46. Ra1 Bg5 47. Bf2 Bh4 48. Rxa4 Bxf2+ 49. Kxf2 Qh4+ 50. Kg1 Rxa4 51. Qxa4 Qe1 52. Qc2 Qxb4 53. Qc8+ Kh7 54. Qf5+ g6 55. Qxf7+ Ng7 56. Qc7 Qe1 57. Qxb6 Nh5 58. Qa7+ Kg8 59. Nxd6 Qg3 60. Qf7+ Kh8 61. Qf8+ Kh7 62. Nf7 1-0

[Event "SUI-chT"]
[Site "Switzerland"]
[Date "2005.04.17"]
[Round "3.6"]
[White "Aranovitch, Emiliano"]
[Black "Masserey, Yvan"]
[Result "0-1"]
[WhiteElo "2298"]
[BlackElo "2331"]
[PlyCount "46"]
[EventDate "2005.02.27"]
[EventType "team-tourn"]
[EventRounds "9"]
[EventCountry "SUI"]
[SourceTitle "EXT 2006"]
[Source "ChessBase"]
[SourceDate "2005.11.24"]
[SourceVersion "1"]
[SourceVersionDate "2005.11.24"]
[SourceQuality "1"]
[WhiteTeam "Mendrisio"]
[BlackTeam "Biel"]
[WhiteTeamCountry "SUI"]
[BlackTeamCountry "SUI"]

1. e4 e6 2. d4 d5 3. Nc3 Bb4 4. e5 c5 5. Qg4 Ne7 6. dxc5 Nbc6 7. Nf3 0-0 8. Bd3 f5 9. exf6 Rxf6 10. Bg5 e5 11. Qg3 Re6 12. Nh4 Nd4 13. 0-0-0 e4 14. Bf1 Bxc5 15. Na4 Qa5 16. Nxc5 Qxc5 17. c3 Ndf5 18. Nxf5 Nxf5 19. Qf4 Rc6 20. g4 d4 21. Qxe4 Nd6 22. Qe7 Bxg4 23. Bg2 Re8 0-1

[Event "Geneve op"]
[Site "Geneve"]
[Date "2005.01.30"]
[Round "9"]
[White "Masserey, Yvan"]
[Black "Landenbergue, Claude"]
[Result "1/2-1/2"]
[WhiteElo "2320"]
[BlackElo "2399"]
[PlyCount "30"]
[EventDate "2005.01.22"]
[EventType "swiss"]
[EventRounds "9"]
[EventCountry "SUI"]
[SourceTitle "CBM 104 Extra"]
[Source "ChessBase"]
[SourceDate "2005.03.01"]
[SourceVersion "1"]
[SourceVersionDate "2005.03.01"]
[SourceQuality "1"]

1. e4 c5 2. Nf3 d6 3. d4 Nf6 4. dxc5 Nxe4 5. cxd6 e6 6. Bd3 Nxd6 7. 0-0 Be7 8. c4 0-0 9. Nc3 Nc6 10. Re1 Nb4 11. Bf1 b6 12. a3 Nc6 13. b4 Bb7 14. Bf4 Nf5 15. Qd3 Bf6 1/2-1/2

[Event "Geneve op"]
[Site "Geneve"]
[Date "2005.01.28"]
[Round "7"]
[White "Masserey, Yvan"]
[Black "Bergez, Luc"]
[Result "1-0"]
[WhiteElo "2320"]
[BlackElo "2371"]
[PlyCount "39"]
[EventDate "2005.01.22"]
[EventType "swiss"]
[EventRounds "9"]
[EventCountry "SUI"]
[SourceTitle "CBM 104 Extra"]
[Source "ChessBase"]
[SourceDate "2005.03.01"]
[SourceVersion "1"]
[SourceVersionDate "2005.03.01"]
[SourceQuality "1"]

1. e4 c5 2. Nf3 d6 3. d4 cxd4 4. Nxd4 Nf6 5. f3 e5 6. Bb5+ Nbd7 7. Nf5 d5 8. exd5 Qa5+ 9. Nc3 Bb4 10. Nxg7+ Kf8 11. Nf5 h5 12. Bd3 Nxd5 13. 0-0 Nxc3 14. bxc3 Bxc3 15. Rb1 Nc5 16. Rb5 Qc7 17. Ba3 b6 18. Be4 Bd7 19. Bxc5+ bxc5 20. Rb7 1-0

[Event "Geneve op"]
[Site "Geneve"]
[Date "2005.01.26"]
[Round "5"]
[White "Maze, Sebastien"]
[Black "Masserey, Yvan"]
[Result "1/2-1/2"]
[WhiteElo "2455"]
[BlackElo "2320"]
[PlyCount "115"]
[EventDate "2005.01.22"]
[EventType "swiss"]
[EventRounds "9"]
[EventCountry "SUI"]
[SourceTitle "CBM 104 Extra"]
[Source "ChessBase"]
[SourceDate "2005.03.01"]
[SourceVersion "1"]
[SourceVersionDate "2005.03.01"]
[SourceQuality "1"]

1. e4 e6 2. d4 d5 3. Nc3 Bb4 4. Bd3 dxe4 5. Bxe4 Nf6 6. Bf3 0-0 7. Nge2 e5 8. dxe5 Qxd1+ 9. Kxd1 Ng4 10. Bxg4 Rd8+ 11. Bd2 Bxg4 12. f3 Bf5 13. Kc1 Nc6 14. a3 Ba5 15. f4 Nd4 16. Nxd4 Rxd4 17. Rd1 Rad8 18. b4 Bb6 19. Be1 Rxd1+ 20. Nxd1 Be4 21. g3 Bf3 22. Nc3 h5 23. Kb2 Be3 24. a4 g5 25. fxg5 Bxg5 26. Nb5 a6 27. Nxc7 Be3 28. Bc3 Bb6 29. e6 Bxc7 30. Rf1 Bd5 31. Rxf7 Rc8 32. Rg7+ Kf8 33. Rf7+ Ke8 34. Rh7 Bxe6 35. Rxh5 Bd6 36. Rh7 Rc7 37. Rh8+ Kf7 38. Rd8 Be7 39. Rb8 Bf5 40. b5 axb5 41. axb5 Be4 42. h4 Rc5 43. b6 Rb5+ 44. Kc1 Rxb6 45. Be5 Re6 46. Bf4 Bb4 47. Rc8 Rc6 48. Rxc6 bxc6 49. Kb2 Bf3 50. Kb3 Be1 51. Kc4 Bf2 52. Kb4 Kg6 53. Ka5 Kh5 54. Ka6 Kg4 55. Kb7 Bd4 56. Kc7 Bc3 57. Kd6 Be4 58. Kc5 1/2-1/2

[Event "Geneve op"]
[Site "Geneve"]
[Date "2005.01.24"]
[Round "3"]
[White "Olivier, Jean Christophe"]
[Black "Masserey, Yvan"]
[Result "0-1"]
[WhiteElo "2364"]
[BlackElo "2320"]
[PlyCount "134"]
[EventDate "2005.01.22"]
[EventType "swiss"]
[EventRounds "9"]
[EventCountry "SUI"]
[SourceTitle "CBM 104 Extra"]
[Source "ChessBase"]
[SourceDate "2005.03.01"]
[SourceVersion "1"]
[SourceVersionDate "2005.03.01"]
[SourceQuality "1"]

1. e4 e6 2. e5 d6 3. exd6 Bxd6 4. d4 Nf6 5. Nf3 0-0 6. Nbd2 b6 7. Be2 Bb7 8. 0-0 Bf4 9. Nc4 Bxc1 10. Qxc1 Qd5 11. Qf4 Nbd7 12. Rfe1 Rac8 13. Bf1 Qh5 14. Nfe5 Nxe5 15. Nxe5 Nd5 16. Qg3 Qh6 17. Rad1 Nf6 18. c3 Rfd8 19. h4 Rd6 20. Qg5 Qxg5 21. hxg5 Nd5 22. g3 Ne7 23. Nc4 Rd7 24. Ne5 Rd6 25. Nc4 Rd7 26. Bg2 Bxg2 27. Kxg2 Rcd8 28. Ne3 Nd5 29. Ng4 Ne7 30. Ne3 Nd5 31. Ng4 Ne7 32. Ne5 Rd5 33. Nf3 c5 34. Rc1 Nc6 35. dxc5 Rxc5 36. Rcd1 Rcd5 37. Rxd5 Rxd5 38. Re2 Kf8 39. Rd2 Rxd2 40. Nxd2 Ke7 41. Kf3 e5 42. Ke4 Ke6 43. Nf3 f5+ 44. gxf6 gxf6 45. g4 Na5 46. Nd2 Nb7 47. c4 Nc5+ 48. Ke3 f5 49. f3 f4+ 50. Ke2 Na4 51. b4 Nc3+ 52. Kd3 Nxa2 53. b5 Nc1+ 54. Ke4 h6 55. Nb1 Nb3 56. Kd3 Nc5+ 57. Ke2 e4 58. Nc3 e3 59. Nd5 Ke5 60. Ne7 Kd4 61. Nf5+ Kxc4 62. Nxh6 Ne6 63. Nf5 Kxb5 64. Kd3 Kc5 65. Nh4 Kd5 66. Ng6 a5 67. Ne7+ Kc5 0-1

[Event "SUI-chT"]
[Site "Switzerland"]
[Date "2004.11.06"]
[Round "8.7"]
[White "Bauert, Ralph"]
[Black "Masserey, Yvan"]
[Result "1/2-1/2"]
[WhiteElo "2278"]
[BlackElo "2325"]
[PlyCount "23"]
[EventDate "2004.02.29"]
[EventType "team-tourn"]
[EventRounds "9"]
[EventCountry "SUI"]
[SourceTitle "EXT 2006"]
[Source "ChessBase"]
[SourceDate "2005.11.24"]
[SourceVersion "1"]
[SourceVersionDate "2005.11.24"]
[SourceQuality "1"]
[WhiteTeam "Wollishofen"]
[BlackTeam "Biel"]
[WhiteTeamCountry "SUI"]
[BlackTeamCountry "SUI"]

1. Nf3 d5 2. c4 d4 3. b4 g6 4. d3 Bg7 5. g3 e5 6. Nbd2 Ne7 7. Bg2 0-0 8. 0-0 a5 9. b5 c5 10. bxc6 Nexc6 11. Ba3 Re8 12. Ne1 1/2-1/2

[Event "SUI-chT"]
[Site "Switzerland"]
[Date "2004.09.05"]
[Round "7.5"]
[White "Zueger, Beat"]
[Black "Masserey, Yvan"]
[Result "1/2-1/2"]
[WhiteElo "2395"]
[BlackElo "2325"]
[PlyCount "57"]
[EventDate "2004.02.29"]
[EventType "team-tourn"]
[EventRounds "9"]
[EventCountry "SUI"]
[SourceTitle "EXT 2005"]
[Source "ChessBase"]
[SourceDate "2004.11.15"]
[SourceVersion "1"]
[SourceVersionDate "2004.11.15"]
[SourceQuality "1"]
[WhiteTeam "Luzern"]
[BlackTeam "Biel"]
[WhiteTeamCountry "SUI"]
[BlackTeamCountry "SUI"]

1. c4 c6 2. e4 d5 3. cxd5 cxd5 4. exd5 Nf6 5. Nc3 g6 6. d4 Bg7 7. Bb5+ Nbd7 8. d6 exd6 9. Qe2+ Qe7 10. Bf4 Qxe2+ 11. Bxe2 Ke7 12. Bf3 Nb6 13. Rc1 Be6 14. Nb5 Nfd5 15. Bxd6+ Kd7 16. Bc5 Bh6 17. Rd1 Nc4 18. b3 Na5 19. Ne2 b6 20. Ba3 Rac8 21. Bc1 Bxc1 22. Rxc1 Rxc1+ 23. Nxc1 Rc8 24. Kd2 a6 25. Na3 Nb4 26. Re1 b5 27. Re3 Nac6 28. Bxc6+ Rxc6 29. g3 1/2-1/2

[Event "Mitropa Cup 23th"]
[Site "Zemplinska Sirava"]
[Date "2004.06.02"]
[Round "5.4"]
[White "Bindrich, Falko"]
[Black "Masserey, Yvan"]
[Result "1-0"]
[WhiteElo "2253"]
[BlackElo "2325"]
[PlyCount "107"]
[EventDate "2004.05.29"]
[EventType "team-tourn"]
[EventRounds "9"]
[EventCountry "SVK"]
[SourceTitle "CBM 100 Extra"]
[Source "ChessBase"]
[SourceDate "2004.07.06"]
[SourceVersion "2"]
[SourceVersionDate "2004.07.06"]
[SourceQuality "1"]
[WhiteTeam "Germany"]
[BlackTeam "Switzerland"]
[WhiteTeamCountry "GER"]
[BlackTeamCountry "SUI"]

1. e4 c5 2. Nf3 e6 3. Nc3 a6 4. d4 cxd4 5. Nxd4 b5 6. Bd3 Bb7 7. 0-0 Nc6 8. Nxc6 Bxc6 9. Re1 d6 10. a4 b4 11. Nd5 a5 12. c3 bxc3 13. Nxc3 Nf6 14. Bb5 Qd7 15. Bxc6 Qxc6 16. Bg5 Nd7 17. Rc1 Nc5 18. Nb5 h6 19. Be3 Be7 20. e5 dxe5 21. Qc2 0-0 22. Bxc5 Rfc8 23. Re3 Bg5 24. Rc3 Bxc1 25. Na7 Qd7 26. Nxc8 Rxc8 27. Qxc1 Rd8 28. h3 Qxa4 29. Kh2 Rd1 30. Qe3 e4 31. Ba3 f5 32. Qb6 Qd7 33. Rc7 Qd5 34. Rc5 Qd7 35. Qb8+ Kh7 36. Qe5 Rd5 37. Qb8 Rd2 38. Qg3 Qd4 39. Rc7 Rd3 40. Qf4 Rf3 41. Qd6 Qxd6+ 42. Bxd6 Rxf2 43. Be5 Kg8 44. Rxg7+ Kf8 45. Ra7 f4 46. Kg1 e3 47. Rxa5 f3 48. gxf3 Rxf3 49. Kg2 Rf2+ 50. Kg3 Kf7 51. Bc3 Re2 52. Ra1 Rc2 53. Re1 e2 54. Kf2 1-0

[Event "Mitropa Cup 23th"]
[Site "Zemplinska Sirava"]
[Date "2004.06.01"]
[Round "4.4"]
[White "Masserey, Yvan"]
[Black "Erdos, Viktor"]
[Result "0-1"]
[WhiteElo "2325"]
[BlackElo "2473"]
[PlyCount "82"]
[EventDate "2004.05.29"]
[EventType "team-tourn"]
[EventRounds "9"]
[EventCountry "SVK"]
[SourceTitle "CBM 100 Extra"]
[Source "ChessBase"]
[SourceDate "2004.07.06"]
[SourceVersion "2"]
[SourceVersionDate "2004.07.06"]
[SourceQuality "1"]
[WhiteTeam "Switzerland"]
[BlackTeam "Hungary"]
[WhiteTeamCountry "SUI"]
[BlackTeamCountry "HUN"]

1. e4 e6 2. d4 d5 3. e5 c5 4. c3 Nc6 5. Nf3 Bd7 6. a3 c4 7. Bf4 Qb6 8. Qc2 f6 9. exf6 gxf6 10. Nbd2 0-0-0 11. b3 cxb3 12. Nxb3 e5 13. Be3 Qc7 14. c4 Nge7 15. Rc1 Bg4 16. Be2 e4 17. Nh4 Bxe2 18. Qxe2 Ng6 19. 0-0 Nxh4 20. Qg4+ f5 21. Qxh4 Bxa3 22. cxd5 Rxd5 23. Rc4 Rg8 24. Ra1 Bd6 25. Rxa7 Kb8 26. Ra1 Rg4 27. Qh5 Qe7 28. g3 Rg6 29. Nc5 Qf7 30. Qe2 Bxc5 31. dxc5 f4 32. Bd2 Ne5 33. Qxe4 fxg3 34. Bf4 gxf2+ 35. Kh1 Kc8 36. Rd4 Rxd4 37. Ra8+ Kd7 38. Qxb7+ Ke6 39. Ra6+ Kf5 40. Qb1+ Re4 41. Bg3 Rxa6 0-1

[Event "Mitropa Cup 23th"]
[Site "Zemplinska Sirava"]
[Date "2004.05.31"]
[Round "3.4"]
[White "Sikorova, Olga"]
[Black "Masserey, Yvan"]
[Result "0-1"]
[WhiteElo "2275"]
[BlackElo "2325"]
[PlyCount "148"]
[EventDate "2004.05.29"]
[EventType "team-tourn"]
[EventRounds "9"]
[EventCountry "SVK"]
[SourceTitle "CBM 100 Extra"]
[Source "ChessBase"]
[SourceDate "2004.07.06"]
[SourceVersion "2"]
[SourceVersionDate "2004.07.06"]
[SourceQuality "1"]
[WhiteTeam "Czech Republic"]
[BlackTeam "Switzerland"]
[WhiteTeamCountry "CZE"]
[BlackTeamCountry "SUI"]

1. e4 e6 2. d4 d5 3. e5 c5 4. c3 Nc6 5. Nf3 Bd7 6. dxc5 Bxc5 7. Bd3 f6 8. b4 Be7 9. b5 Na5 10. 0-0 Qc7 11. Bf4 f5 12. Qc1 Nh6 13. Bxh6 gxh6 14. Qxh6 0-0-0 15. Nbd2 Kb8 16. Rac1 Ba3 17. Rc2 Nc4 18. Bxc4 dxc4 19. Nd4 Qc8 20. Qe3 Qc7 21. Qe2 Rc8 22. Nb1 Be7 23. a4 h5 24. Nd2 h4 25. h3 Rhg8 26. Ra1 Rg6 27. N2f3 Rcg8 28. Ne1 Qc5 29. Rb2 Qd5 30. Ndf3 Qe4 31. Rd1 Bc8 32. Rd4 Qxe2 33. Rxe2 b6 34. Rxc4 Bb7 35. Re3 Bc5 36. Nxh4 Bxe3 37. fxe3 Rh6 38. Kf2 Bd5 39. Rd4 Rc8 40. Nd3 Rxc3 41. Nb4 Bb7 42. Nf3 Rg6 43. g3 Rc8 44. Ng1 Rgg8 45. Ne2 Rgd8 46. Rxd8 Rxd8 47. Nd4 Re8 48. Nd3 Bd5 49. Nf4 Ba2 50. h4 Kc7 51. h5 Kd7 52. Kg2 Bc4 53. Kh3 Rg8 54. Ng6 Ke8 55. Nc6 Kf7 56. Kh4 Be2 57. Nce7 Rd8 58. h6 Rd1 59. Kg5 Rg1 60. Kf4 Rh1 61. Nh4 Ra1 62. Nexf5 exf5 63. e6+ Kg8 64. e7 Rxa4+ 65. Kg5 Bxb5 66. Nxf5 Kh7 67. Nd6 Bd7 68. e4 Ra5+ 69. Nf5 Re5 70. Kf4 Re6 71. g4 a5 72. g5 a4 73. Ng3 Rxe7 74. Nh5 a3 0-1

[Event "SUI-chT"]
[Site "Switzerland"]
[Date "2003.06.24"]
[Round "5.4"]
[White "Herbrechtsmeier, Christof"]
[Black "Masserey, Yvan"]
[Result "1/2-1/2"]
[WhiteElo "2275"]
[BlackElo "2334"]
[PlyCount "28"]
[EventDate "2003.03.23"]
[EventType "team-tourn"]
[EventRounds "9"]
[EventCountry "SUI"]
[SourceTitle "EXT 2004"]
[Source "ChessBase"]
[SourceDate "2003.11.25"]
[SourceVersion "1"]
[SourceVersionDate "2003.11.25"]
[SourceQuality "1"]
[WhiteTeam "Riehen"]
[BlackTeam "Biel"]
[WhiteTeamCountry "SUI"]
[BlackTeamCountry "SUI"]

1. e4 e6 2. d4 d5 3. Nc3 Bb4 4. Bd3 dxe4 5. Bxe4 Nf6 6. Bf3 0-0 7. Nge2 e5 8. 0-0 Nbd7 9. Bg5 Re8 10. Nd5 Bd6 11. Bg4 exd4 12. Bxd7 Bxd7 13. Nxd4 Be5 14. c3 c6 1/2-1/2

[Event "SUI-chT"]
[Site "Switzerland"]
[Date "2003.04.13"]
[Round "3.3"]
[White "Zueger, Beat"]
[Black "Masserey, Yvan"]
[Result "0-1"]
[WhiteElo "2457"]
[BlackElo "2334"]
[PlyCount "80"]
[EventDate "2003.03.23"]
[EventType "team-tourn"]
[EventRounds "9"]
[EventCountry "SUI"]
[SourceTitle "EXT 2004"]
[Source "ChessBase"]
[SourceDate "2003.11.25"]
[SourceVersion "1"]
[SourceVersionDate "2003.11.25"]
[SourceQuality "1"]
[WhiteTeam "Luzern"]
[BlackTeam "Biel"]
[WhiteTeamCountry "SUI"]
[BlackTeamCountry "SUI"]

1. Nf3 d5 2. g3 Bg4 3. Bg2 Nd7 4. 0-0 e6 5. d4 c6 6. Nbd2 f5 7. c4 Bd6 8. Qb3 Rb8 9. Re1 h6 10. cxd5 cxd5 11. Ne5 Bh5 12. e4 fxe4 13. Bh3 Bxe5 14. dxe5 Nxe5 15. Rxe4 dxe4 16. Qb5+ Kf8 17. Qxe5 Nf6 18. Nc4 Qd1+ 19. Bf1 Rd8 20. Bxh6 Rxh6 21. Rxd1 Rxd1 22. Qb8+ Ke7 23. Qxb7+ Kf8 24. Qb8+ Ke7 25. Qxa7+ Kf8 26. Qc5+ Kg8 27. Ne3 Re1 28. Qc3 Rb1 29. Qc2 Re1 30. a4 Bf3 31. a5 Ng4 32. Nxg4 Bxg4 33. Qc8+ Kh7 34. Qc3 Ra1 35. b4 Rd1 36. Qc2 Re1 37. a6 Bh3 38. Qxe4+ Rxe4 39. Bd3 Bf5 40. a7 Re1+ 0-1

[Event "Villeurbanne 1st"]
[Site "Villeurbanne"]
[Date "2002.09.27"]
[Round "7"]
[White "Sermier, Guillaume"]
[Black "Masserey, Yvan"]
[Result "1-0"]
[WhiteElo "2386"]
[BlackElo "2327"]
[PlyCount "53"]
[EventDate "2002.09.21"]
[EventType "tourn"]
[EventRounds "9"]
[EventCountry "FRA"]
[EventCategory "4"]
[SourceTitle "CBM 090 Extra"]
[Source "ChessBase"]
[SourceDate "2002.11.07"]
[SourceVersion "1"]
[SourceVersionDate "2002.11.07"]
[SourceQuality "1"]

1. e4 c5 2. Nf3 e6 3. d4 cxd4 4. Nxd4 a6 5. c4 Nf6 6. Nc3 Bb4 7. Bd3 Nc6 8. Nxc6 bxc6 9. 0-0 e5 10. Na4 d5 11. cxd5 cxd5 12. exd5 Bb7 13. Bc4 Bxd5 14. Bxd5 Qxd5 15. Nb6 Qxd1 16. Rxd1 Rb8 17. Nc4 Nd7 18. Be3 f5 19. f3 Rf8 20. Rd5 Rb5 21. Rad1 Rf7 22. a3 Bf8 23. b4 g6 24. Bg5 Be7 25. Rxd7 Bc5+ 26. bxc5 Rxd7 27. Nd6+ 1-0

[Event "Villeurbanne 1st"]
[Site "Villeurbanne"]
[Date "2002.09.23"]
[Round "3"]
[White "Mensch, Etienne"]
[Black "Masserey, Yvan"]
[Result "0-1"]
[WhiteElo "2353"]
[BlackElo "2327"]
[PlyCount "78"]
[EventDate "2002.09.21"]
[EventType "tourn"]
[EventRounds "9"]
[EventCountry "FRA"]
[EventCategory "4"]
[SourceTitle "CBM 090 Extra"]
[Source "ChessBase"]
[SourceDate "2002.11.07"]
[SourceVersion "1"]
[SourceVersionDate "2002.11.07"]
[SourceQuality "1"]

1. d4 d5 2. Bg5 h6 3. Bh4 c6 4. e3 Qb6 5. b3 e5 6. Nf3 e4 7. Nfd2 Be7 8. Bxe7 Nxe7 9. Qc1 0-0 10. Qa3 Nf5 11. Nc3 a5 12. Ne2 Na6 13. c3 Qd8 14. Nf4 Nc7 15. Qc1 Qf6 16. Be2 Ne6 17. g3 Nxf4 18. gxf4 Qg6 19. Bf1 Nh4 20. Kd1 b6 21. Kc2 c5 22. Kb2 a4 23. Rb1 Bd7 24. b4 cxb4 25. cxb4 Rfc8 26. Qe1 a3+ 27. Ka1 Rc2 28. Be2 Ba4 29. Rc1 Ng2 30. Qd1 Rxa2+ 31. Kxa2 Bxd1 32. Rhxd1 Nh4 33. Rg1 Qd6 34. Rb1 Qd7 35. Rg4 Nf3 36. Bxf3 exf3 37. Rbg1 g6 38. R4g3 Qf5 39. Rc1 Qd3 0-1

[Event "Biel MTO op"]
[Site "Biel"]
[Date "2002.07.28"]
[Round "6"]
[White "Misiano, Franco"]
[Black "Masserey, Yvan"]
[Result "1-0"]
[WhiteElo "2218"]
[BlackElo "2327"]
[PlyCount "105"]
[EventDate "2002.07.22"]
[EventType "swiss"]
[EventRounds "11"]
[EventCountry "SUI"]
[SourceTitle "EXT 2003"]
[Source "ChessBase"]
[SourceDate "2002.11.25"]
[SourceVersion "1"]
[SourceVersionDate "2002.11.25"]
[SourceQuality "1"]

1. e4 c5 2. Nf3 e6 3. d4 cxd4 4. Nxd4 a6 5. Nc3 b5 6. Bd3 Qb6 7. Be3 Bc5 8. Be2 Bb7 9. a4 Nf6 10. a5 Qc7 11. Ndxb5 axb5 12. Nxb5 Qc6 13. Bxc5 Qxc5 14. Qd6 Nxe4 15. Nc7+ Kd8 16. Qxc5 Nxc5 17. Nxa8 Bxa8 18. b4 Ne4 19. b5 d5 20. b6 Nd7 21. Rb1 Bc6 22. Bd3 Nec5 23. 0-0 Nb8 24. Bb5 Bxb5 25. Rxb5 Nba6 26. Rd1 Kd7 27. Rbb1 Kc6 28. c4 dxc4 29. Rd4 c3 30. Rc4 Rd8 31. Rxc3 Kb7 32. g3 Rd5 33. Rbc1 e5 34. f3 f6 35. g4 Ne6 36. Ra3 Nac5 37. Rb1 Na6 38. Rb2 Nf4 39. Rc2 Ne6 40. Kf2 h6 41. h4 Nb4 42. Rc4 Na6 43. Ke3 Nac5 44. Rb4 Rd1 45. a6+ Nxa6 46. Rxa6 Kxa6 47. b7 Rd3+ 48. Kxd3 Nc5+ 49. Kc4 Nxb7 50. Kd5 Ka7 51. Ke6 Nd8+ 52. Kd7 Nb7 53. Ke7 1-0

[Event "Biel MTO op"]
[Site "Biel"]
[Date "2002.07.26"]
[Round "5"]
[White "Masserey, Yvan"]
[Black "Avrukh, Boris"]
[Result "0-1"]
[WhiteElo "2327"]
[BlackElo "2582"]
[PlyCount "132"]
[EventDate "2002.07.22"]
[EventType "swiss"]
[EventRounds "11"]
[EventCountry "SUI"]
[SourceTitle "EXT 2003"]
[Source "ChessBase"]
[SourceDate "2002.11.25"]
[SourceVersion "1"]
[SourceVersionDate "2002.11.25"]
[SourceQuality "1"]

1. e4 d6 2. d4 g6 3. Be3 Bg7 4. Nc3 a6 5. a4 b6 6. Nf3 Bb7 7. Bd3 Nd7 8. 0-0 e6 9. Qd2 h6 10. h4 Ngf6 11. Rfe1 Ng4 12. Bf4 e5 13. dxe5 dxe5 14. Bg3 c6 15. Bc4 Qe7 16. Qe2 Ngf6 17. Bh2 0-0 18. Nd2 b5 19. axb5 axb5 20. Bd3 Nc5 21. Reb1 Nh5 22. g3 Rfd8 23. Qe3 Nf6 24. Kg2 Ng4 25. Qe2 Qd7 26. Bg1 b4 27. Nd1 Nxd3 28. cxd3 Rxa1 29. Rxa1 Bc8 30. f3 Qxd3 31. Qxd3 Rxd3 32. Nf1 Nf6 33. Ra8 Rd8 34. Kf2 Bf8 35. Ke1 Re8 36. Nd2 Be6 37. Rxe8 Nxe8 38. Bb6 Nf6 39. Ke2 Be7 40. Bf2 Bc8 41. Kd3 Ba6+ 42. Nc4 Nd7 43. b3 Nc5+ 44. Kc2 Bxc4 45. bxc4 h5 46. Nb2 Nd7 47. Nd3 c5 48. Kb3 f6 49. Ka4 Kf7 50. Kb5 Ke6 51. Nc1 f5 52. Nb3 f4 53. gxf4 exf4 54. Nc1 g5 55. hxg5 Bxg5 56. Nd3 h4 57. Bg1 h3 58. Bh2 Kf6 59. Ka4 Ne5 60. Nxc5 Nxf3 61. Nd3 Nxh2 62. Nf2 f3 63. Kxb4 Bd2+ 64. Kb5 Be3 65. Nxh3 Ng4 66. c5 Ne5 0-1